| 000 | 00524ntaaa2200181 4500 | ||
|---|---|---|---|
| 003 | 01 | ||
| 005 | 20251027201245.0 | ||
| 008 | 0714s1973 ag 01 | ||
| 040 |
_aAR-BaBN _bspa _cAR-BaBN _eaacr _dRIC |
||
| 082 | _a220.93 B94 | ||
| 100 |
_aBurrows, Millar _9444 |
||
| 245 |
_aWhat mean these stones? The significance of archaeology for biblical studies. / _cMillar Burrows |
||
| 250 |
_a1 ed. : _bThames and Hudson, _cc/957 |
||
| 300 | _axvi, 306 p. | ||
| 650 | _aArqueología Bíblica | ||
| 650 |
_aBiblia _9468 |
||
| 942 | _cBK | ||
| 999 |
_c6943 _d6943 |
||